BIBLIOTHÈQUE DE LA MAISON DU MEXIQUE

Logo 1 Logo 2

Resurgimiento del Centro histórico de Morelia (notice nᵒ 12710)

détails MARC
000 -Sello discográfico
campo de control de longitud fija 00922nam a2200253 4500
005 - Identificación de versión
campo de control 20260325142044.0
010 ## - Número Estándar Internacional de Libros (ISBN)
Número (ISBN) 968-6800-70-0
099 ## - fechas locales
Tipo de ítem Koha LIBRO
100 ## - Datos de procesamiento general
Datos de procesamiento general 20260320d2004 u||y0spay50 ba
101 ## - Idioma del recurso
Idioma del texto, banda sonora, etc. Español; Castellano
105 ## - Campo de datos codificados: Material textual, monográfico
Datos codificados de monografía a 001zy
200 ## - Título y mención de responsabilidad
Título propio Resurgimiento del Centro histórico de Morelia
Designación general del material texto impreso
Otra información del título un espacio en pugna
Primer mención de responsabilidad Coordinación Esperanza Ramirez Romero
210 ## - Publicación, distribución, etc.
Lugar de publicación, distribución, etc. México
Nombre del editor, distribuidor, etc. Patronato Prorescate del Centro Histórico de Morelia
Fecha de publicación, distribución, etc. 2004
215 ## - Descripción física
Designación de material específico y extensión del ítem 200 p
Otras características físicas il.
Dimensiones 28 cm
345 ## - Nota de información de adquisición
Fuente de adquisición/dirección de la suscripción [OBSOLETO] Donación Esperanza Ramirez Romero
606 ## - Término temático usado como materia
Elemento de entrada Centros históricos
Subdivisión temática Conservación y restauración
Subdivisión geográfica México
Número Koha 19572
606 ## - Término temático usado como materia
Elemento de entrada Urbanismo
Subdivisión temática Historia
Subdivisión geográfica Morelia, Michoacán (México)
Número Koha 19573
660 ## - Código de área geográfica
Código MX
700 ## - Nombre personal - Responsabilidad primaria
Elemento de entrada Ramirez Romero
Parte del nombre distinta del elemento de entrada Esperanza
Número Koha 19574
801 ## - Fuente de origen
País FR
Agencia cm
Reglas de catalogación (convenciones descriptivas) AFNOR
942 ## - ELEMENTOS DE ENTRADA SECUNDARIOS (KOHA)
Tipo de ítem Koha Livre
Exemplaires
Estatus retirado Estado de daño Estado de pérdida Fuente de la clasificación o esquema de estantería Fecha de adquisición Biblioteca de origen Biblioteca actual Código de barras Precio de reemplazo Signatura topográfica completa No para préstamo Tipo de ítem Koha Nota no pública
      Clasificación Decimal Dewey 20/03/2026 Casa México Paris Casa México Paris 010299 20/03/2026 307.76 R173r   Livre 751145101